| 000 | 00381nam a22001457a 4500 | ||
|---|---|---|---|
| 020 | _qPB. | ||
| 040 | _cFIZZA ISHAQ | ||
| 082 |
_a005.73 _bROB |
||
| 100 |
_aLEUNG, BRUCE KRUSE ROBERT. _989160 |
||
| 245 |
_aDATA STRUCTURES PROGRAM DESIGN IN C / _cROBERT KRUSE BRUCE LEUNG. |
||
| 250 | _a2nd ED. | ||
| 260 |
_aNEW DEHLI ; _bPERSON, _c2007. |
||
| 300 | _a607 P. ; | ||
| 942 |
_2ddc _cBK |
||
| 999 |
_c587980 _d587980 |
||